| 000 | 01566cam a22003011i 4500 | ||
|---|---|---|---|
| 003 | SA-RiAUC | ||
| 005 | 20250716071417.0 | ||
| 008 | 250716s1995 ua g i10010 ara c | ||
| 020 | _a9290210400 | ||
| 040 |
_aSA-RiAUC _bara _cSA-RiAUC _erda |
||
| 082 | 0 | 4 |
_a252.7 _qSA-RiAUC |
| 090 |
_a252.7 _bر ا ب |
||
| 110 | 2 |
_aرابطة العالم الإسلامي (مكة المكرمة). _bمؤتمر _d( 1389 هجري : _cمكة المكرمة) |
|
| 245 | 1 | 0 |
_aأحكام الذبح والذبائح / _cمؤتمر رابطة العالم الإسلامي، منظمة الصحة العالمية ؛ تقديم حسين عبد الرزاق الجزائري. |
| 250 | _aالطبعة الثانية. | ||
| 264 | 1 |
_aالإسكندرية، مصر : _bمنظمة الصحة العالمية، _c1995 |
|
| 300 |
_a25 صفحة ؛ _c24 سم. |
||
| 336 |
_aنص _btxt _2rdacontent _3كتاب |
||
| 337 |
_aبدون وسيط _bn _2rdamedia |
||
| 338 |
_aمجلد _bnc _2rdacarrier |
||
| 490 | 1 |
_aالهدي الصحي : سلسلة للتثقيف الصحي من خلال تعاليم الدين ؛ _v3 |
|
| 650 | 7 |
_aالذبائح (فقه إسلامي) _2aucsh |
|
| 700 | 1 |
_aالجزائري، حسين عبد الرزاق _eمقدم. |
|
| 710 | 2 |
_aمنظمة الصحة العالمية (جنيف، سويسرا). _bالمكتب الإقليمي لشرق المتوسط _eمنظم. |
|
| 830 | 2 |
_aالهدي الصحي : سلسلة للتثقيف الصحي من خلال تعاليم الدين _v3 |
|
| 942 |
_2ddc _cBOOK _n0 |
||
| 949 |
_aSA-JeALM _d250716 _umohamedma123 _n1 |
||
| 999 |
_c9992 _d9992 |
||